| 000 | 00532cam a2200181Ia 4500 | ||
|---|---|---|---|
| 020 | _a9789546425164 (pbk.) | ||
| 020 | _a9546425168 | ||
| 040 | _cBTCTA | ||
| 082 | 0 | 4 | _a577 PEN 2009 C154 Or. |
| 245 | 0 | 0 |
_aBiodiversity in the balance : _bmitigation and adaptation conflicts and synergies / |
| 260 |
_aSofia : _bPensoft, _c2009 |
||
| 300 |
_a300 p. : _bill. (some col.) ; _c24 cm |
||
| 650 | 0 | _aBiodiversity conservation | |
| 650 | 0 | _aBiodiversity | |
| 650 | 0 | _aClimate change mitigation | |
| 700 | 1 | _aBerry, Pam | |
| 942 | _cAEDBB | ||
| 999 |
_c18918 _d18918 |
||